Library Banner

Exercise psychology: (Record no. 90654)

MARC details
000 -LEADER
fixed length control field 00540nam a22001817a 4500
005 - DATE AND TIME OF LATEST TRANSACTION
control field 20170201101731.0
008 - FIXED-LENGTH DATA ELEMENTS--GENERAL INFORMATION
fixed length control field 170201b xxu||||| |||| 00| 0 eng d
020 ## - INTERNATIONAL STANDARD BOOK NUMBER
International Standard Book Number 9781284034219
040 ## - CATALOGING SOURCE
Transcribing agency PK-LaUMT
082 ## - DEWEY DECIMAL CLASSIFICATION NUMBER
Classification number 613.7019
Item number HAU-E
100 ## - MAIN ENTRY--PERSONAL NAME
Personal name Hausenblas , Heather
245 ## - TITLE STATEMENT
Title Exercise psychology:
Remainder of title physical activity and sedentary behavior/
Statement of responsibility, etc Heather hausenblas and Ryan e. rhodes
260 ## - PUBLICATION, DISTRIBUTION, ETC. (IMPRINT)
Place of publication, distribution, etc Burlington:
Name of publisher, distributor, etc Jones and bartlett,
Date of publication, distribution, etc 2017
300 ## - PHYSICAL DESCRIPTION
Extent 454 p.
546 ## - LANGUAGE NOTE
Language note en
650 ## - SUBJECT ADDED ENTRY--TOPICAL TERM
Topical term or geographic name as entry element Physical fitness psychology
942 ## - ADDED ENTRY ELEMENTS (KOHA)
Koha item type Books
Holdings
Withdrawn status Lost status Damaged status Home library Current library Date acquired Full call number Barcode Date last seen Price effective from Koha item type
      UMT Main Campus UMT Main Campus 2017-02-01 613.7019 HAU-E 104420 2026-05-13 2017-02-01 Books